000 02827nam0a2200445 4500
001 RU\NLR\bibl\1178317
005 20260408195050.0
010 _a5-7456-0111-6
_9100
021 _aRU
_b2007-83363
_94492
035 _a(NLR Aleph) 001164954
090 _a1561122
_c1561122
100 _a20071128d2005 u y0rusy50 ca
101 0 _arus
102 _aRU
105 _aa z |||||
200 1 _aПассивные элементы электрических цепей. Резисторы, конденсаторы, пассивные элементы на основе полупроводниковых структур
_eучебное пособие
_fЕ. И. Мухортова, А. К. Белкин
_gБашкирский гос. аграрный ун-т
210 _aУфа
_cИзд-во БашГАУ
_d2005
215 _a123 с.
_cил., табл.
_d21
320 _aБиблиогр.: с. 123
517 0 _aРезисторы, конденсаторы, пассивные элементы на основе полупроводниковых структур
606 1 _aЭлектрические конденсаторы
_jУчебные издания для высших учебных заведений
_91360508
_3RU\NLR\auth\66569129
606 1 _aСиловые полупроводниковые приборы
_jУчебные издания для высших учебных заведений
_92089777
_3RU\NLR\auth\661264980
606 _aРезисторы (электр.)
_jУчебные издания для высших учебных заведений
_3RU\NLR\auth\661383787
_92312232
610 0 _aЭнергетика -- Электроэнергетика. Электротехника -- Электрические машины и аппараты -- Электрические аппараты -- Конденсаторы -- Учебник для высшей школы
610 0 _aЭнергетика -- Электроэнергетика. Электротехника -- Электрические машины и аппараты -- Электрические аппараты -- Резисторы -- Учебник для высшей
610 0 _aтерморезисторы
610 0 _aваристоры
686 _aЗ264.7я73-1
686 _aЗ264.6я73-1
686 _aЗ264.54я73-1
700 1 _aМухортова
_bЕ. И.
_4070
701 1 _4070
_7ca
_8rus
_aБелкин
_bА. К.
_cспециалист по электротехнике
_cдетский поэт
_f1948-
_gАлександр Константинович
_9178447
_3RU\NLR\AUTH\770178498
801 0 _aRU
_bРКП
_c20071128
_grcr
801 1 _aRU
_bРГБ
_c20071128
801 2 _aRU
_bNLR
_c20080122
_grcr
942 _cBOOK
980 _aNB
980 _aNBR